00469 2200181 4500001002100000005001500021008004100036020002200077035001900099041000700118082000800125090001400133100002300147245005300170260003500223300001800258650001100276INLIS00000000001356920241224114600241224||||||||| | ||| |||| || |  a978-979-665-479-6 0010-1224013569 aid0 a398 a398 SRI m0 aEndang Sri Nuryani00aMENGENAL KEBUDAYAAN SUKU - SUKU BANGSA INDONESIA aBandungbAngkasa Bandungc2007 a76hlm;15X21cm 0aFolkor